LIBRARY & INFORMATION CENTRE, KCAET, TAVANUR

ONLINE PUBLIC ACCESS CATALOGUE (OPAC)

Gorilla hunters / (Record no. 2736)

MARC details
000 -LEADER
fixed length control field 00457cam a2200193ua 4500
041 ## - LANGUAGE CODE
Language code of text/sound track or separate title eng
082 ## - DEWEY DECIMAL CLASSIFICATION NUMBER
Classification number 823.308
Item number BAL/GO
100 ## - MAIN ENTRY--AUTHOR NAME
Personal name Ballantyne, R M .
245 ## - TITLE STATEMENT
Title Gorilla hunters /
260 ## - PUBLICATION, DISTRIBUTION, ETC. (IMPRINT)
Place of publication London :
Name of publisher Blackie & Son Ltd ,
Year of publication 1973.
300 ## - PHYSICAL DESCRIPTION
Number of Pages 106 ; .
942 ## - ADDED ENTRY ELEMENTS (KOHA)
Koha item type Books
Holdings
Withdrawn status Lost status Damaged status Home library Current library Date acquired Full call number Accession Number Koha item type
Withdrawn     KAUAET KAUAET 07/04/2012 823.308 BAL/GO 11088 Books
Withdrawn     KAUAET Sanskrit University 07/04/2012 823.308 BAL/GO 10157 Books
Withdrawn     KAUAET Sanskrit University 07/04/2012 823.308 BAL/GO 10949 Books
free website counter